Posudzovanie rizika v podniku diplomová práca

Na minha lista:
Detalhes bibliográficos
Autor principal: Kostrej, Dávid
Autor Corporativo: Podnikovohospodárska fakulta EU so sídlom v Košiciach. Katedra kvantitatívnych metód
Outros Autores: Tkáč, Michal, 1958-
Formato: Livro
Idioma:eslovaco
Publicado em: Košice 2017
Tags: Adicionar Tag
Sem tags, seja o primeiro a adicionar uma tag!

MARC

LEADER 00000nbm a2200000 4500
001 0231723
005 20171121103925.7
041 0 |a slo 
044 |a SK 
245 1 0 |a Posudzovanie rizika v podniku  |b diplomová práca  |c Dávid Kostrej ; školiteľ: Michal Tkáč 
264 1 |a Košice  |c 2017 
300 |a 56 s. 
100 1 |a Kostrej, Dávid 
700 1 |a Tkáč, Michal, 1958- 
710 2 |a Podnikovohospodárska fakulta EU so sídlom v Košiciach. Katedra kvantitatívnych metód